000 00290nam a2200121Ia 4500
008 190216s9999||||xx |||||||||||||| ||und||
100 _aI A S Study Circle
245 0 _aIndian Economic Development
260 _bBook Hive Pub
_c1984
300 _a567p
650 _aEconomics
942 _cREF
999 _c35799
_d35799